• 首页
  • 本馆介绍
  • 公告通知
  • 最新文献
  • 馆藏检索
  • 电子资源
  • 读者导购
  • 参考咨询
  • 我的图书馆
  • 登录
  • 详细信息显示
  • 放入我的书架
  • 预约/预借图书
  • 作者相关作品
  • 分类相关作品
  • 丛书相关作品
  • 出版社相关作品

书目信息

  • 表格格式
  • 工作单格式
  • 卡片格式
题名:
文化唯物主义
    
 
作者: 哈里斯 著 ;张海洋 , 王曼萍 译
分册:  
出版信息: 北京   华夏出版社  1989.2
页数: 400页
开本: 20cm
丛书名: 二十世纪文库
单 册:
中图分类: B712.59
科图分类:
主题词: 哲学--美国--现代
电子资源:
ISBN: 7-80053-277-1
000 00788nam2 2200265 45
001 0189000355
005 20050322150043.7
010    @a7-80053-277-1@dCNY5.45
020    @aCN@b89000355
100    @a19900806d1989 m y0chiy0120 ea
101 1  @achi@ceng
102    @aCN@b110000
105    @ay z 000yy
200 10 @a文化唯物主义@Awen hua wei wu zhu yi@f(美)马文·哈里斯著@F(Mei)Ma Wen·Ha Li Si Zhu@g张海洋,王曼萍译
210    @a北京@c华夏出版社@d1989.2
215    @a400页@d20cm
225 2  @a二十世纪文库@f邓朴方主编
410  0 @120010@a二十世纪文库
606 0  @a哲学@x美国@x现代
690    @aB712.59@v3
701  0 @a哈里斯@4著
702  0 @a张海洋@Azhang hai yang@4译
702  0 @a王曼萍@Awang man ping@4译
801  0 @aCN@bNLC@c19900806
905    @f1@b219011@dB712.59@e11
    
    文化唯物主义/(美)马文·哈里斯著/张海洋,王曼萍译.-北京:华夏出版社,1989.2
    400页;20cm.-(二十世纪文库/邓朴方主编)
    
    
    ISBN 7-80053-277-1:CNY5.45
    
●
相关链接 在E读中查询图书 在五车中查询图书 在当当中查询图书 在豆瓣中查询图书


正题名:文化唯物主义     索取号:B712.59/11         预约/预借

序号 登录号 条形码 馆藏地/架位号 状态 备注
1 0219011   002018015   第一借阅区/ [索取号:B712.59/11] 在馆    
2 0219012   002041472   第一样本阅览室/ [索取号:B712.59/11] 在馆    
唐山师范学院图书馆 欢迎您!
大连网信软件有限公司© 版权所有